000 00948nam a22002537a 4500
003 OSt
005 20180922110330.0
008 180307b xxu||||| |||| 00| 0 spa d
020 _a9506790132
040 _cPJ
100 _91876
_aGarrido Cordobera, Lidia M. R.
245 1 0 _aPrivilegios especiales sobre inmuebles :
_bpublicidad registral /
_cLidia M. R. Garrido Cordobera, prólogo de François Chabas.
260 _aBuenos Aires :
_bUniversidad,
_c1986.
300 _a61 p.
_c23 cm.
504 _aBibliografía: p. 61
505 _aContenido: Sistema del derecho argentino -- Sistema del derecho francés -- Sistema "de lege ferenda".
650 0 _9352
_aDERECHO CIVIL
650 0 _91821
_aDERECHOS REALES
650 0 _92274
_aBIENES INMUEBLES
650 0 _92273
_aPRIVILEGIOS ESPECIALES (CIVIL)
650 0 _92275
_aPUBLICIDAD REGISTRAL
700 _92272
_aChabas, François,
_eprologuista
942 _2udc
_cLIB
_h347.282
_iGAR
999 _c1503
_d1503